Welcome to CU Library Online Public Access Catalogue (OPAC)

Land law, practice and conveyancing in Ghana / (Record no. 9236)

MARC details
000 -LEADER
fixed length control field 00626cam a2200205 i 4500
001 - CONTROL NUMBER
control field 20362596
005 - DATE AND TIME OF LATEST TRANSACTION
control field 20260416152332.0
008 - FIXED-LENGTH DATA ELEMENTS--GENERAL INFORMATION
fixed length control field 180220s2017 gh k b 001 0 eng
020 ## - INTERNATIONAL STANDARD BOOK NUMBER
International Standard Book Number 9789964635091
050 00 - LIBRARY OF CONGRESS CALL NUMBER
Classification number KRX658
100 1# - MAIN ENTRY--PERSONAL NAME
Personal name Adjei, Dennis Dominic,
Relator term author.
245 10 - TITLE STATEMENT
Title Land law, practice and conveyancing in Ghana /
Statement of responsibility, etc. by Dennis Dominic Adjei.
250 ## - EDITION STATEMENT
Edition statement Second edition.
260 ## - PUBLICATION, DISTRIBUTION, ETC.
Place of publication, distribution, etc. Accra
Name of publisher, distributor, etc. Adwinsa publications ltd
Date of publication, distribution, etc. c2017
300 ## - PHYSICAL DESCRIPTION
Extent xxxvi, 494 pages :
Other physical details forms ;
Dimensions 25 cm
500 ## - GENERAL NOTE
General note includes index
650 #0 - SUBJECT ADDED ENTRY--TOPICAL TERM
Topical term or geographic name entry element Real property
Geographic subdivision Ghana.
650 #0 - SUBJECT ADDED ENTRY--TOPICAL TERM
Topical term or geographic name entry element Conveyancing
Geographic subdivision Ghana.
942 ## - ADDED ENTRY ELEMENTS (KOHA)
Source of classification or shelving scheme Library of Congress Classification
Koha item type Books
Edition 2nd edi
Suppress in OPAC No
999 ## -
-- 9236
-- 9236
Holdings
Withdrawn status Lost status Source of classification or shelving scheme Damaged status Not for loan Collection Home library Current library Shelving location Date acquired Total checkouts Full call number Barcode Date last seen Price effective from Koha item type
    Library of Congress Classification     Non-fiction Law Library (Kumasi) Law Library (Kumasi) General stacks 04/16/2026   KRX 658 ADJ llk00000179 04/16/2026 04/16/2026 Books
© 2023-2024 Copyright: Central University Libraries. All Rights Reserved | Created by: Mahone Tech Office